000 00628nam a22001817a 4500
005 20251108175740.0
008 250721s2011 xx 000 0 ara d
082 1 4 _a923.156/مشا
100 1 _aمشالي، الشيخ محمد إبراهيم
245 1 0 _aأضواء على جهاد علي بن أبي طالب رضي الله عنه /
264 1 _aالقاهرة :
_bدار الصابوني،
_c2011.
300 _a720ص.
490 0 _aسلسة اضواء على جهاد
_vالرابع
650 1 7 _aالتراجم
650 1 7 _aخلافة علي بن أبي طالب 656-661
942 _2ddc
_cBK
999 _c141474
_d141474